| 000 | 00521nam a2200181Ia 4500 | ||
|---|---|---|---|
| 999 |
_c34094 _d34094 |
||
| 003 | OSt | ||
| 005 | 20200909094244.0 | ||
| 008 | 190216s9999||||xx |||||||||||||| ||und|| | ||
| 020 | _a9788126130726 | ||
| 040 | _coclc | ||
| 082 |
_a539.703 _bAHM/E |
||
| 100 |
_aAhmad, Shehzad _92945 |
||
| 245 | 0 |
_aEncyclopaedia Of Atomic Physics / _cShehzad Ahmad |
|
| 260 |
_bAnmol Publications, _aNew Delhi: _c2007. |
||
| 300 | _a320p | ||
| 650 | _aPhysics | ||
| 942 |
_cBK _2ddc _h539.703 _iAHM/E _k539.703 _mAHM/E |
||